| 000 | 00350nam a2200133Ia 4500 | ||
|---|---|---|---|
| 005 | 20260328104338.0 | ||
| 008 | 260328s9999||||xx |||||||||||||| ||und|| | ||
| 100 | _aBiehle, Fredrick | ||
| 245 | 0 |
_aRome Redux : _b the pratt rome program after fifty years / _cFredrick Biehle |
|
| 260 | _bPratt | ||
| 300 | _a238 p. | ||
| 650 | _aDIBUJO | ||
| 942 | _cBK | ||
| 999 |
_c11991 _d11991 |
||